Tři knihy o životě = De vita libri tres : latinsko-české vydání /

Hlavní autor: Ficino, Marsilio, 1433-1499
Další autoři: Hlaváček, Jakub, 1975-, Žalud, Zdeněk, Slezáková, Jana, Žemla, Martin, 1973-
Jazyk: Latina
Čeština
Vydáno: Praha : OIKOYMENH, 2020
Vydání: Vydání první
Edice: Knihovna renesančního myšlení
Témata:
Fyzický popis: 561 stran ; 22 cm
Language note: Částečně souběžný latinský text, anglické resumé
Knihy
Uloženo v:
LEADER 02697nam a2200637 i 4500
001 nkc20203264199
003 CZ PrNK
005 20210803153236.0
007 ta
008 201209s2020 xr e 001 0 cze
015 |a cnb003264199 
020 |a 978-80-7298-383-4  |q (vázáno) :  |c Kč 428,00 
035 |a (OCoLC)1237098789 
040 |a ABA001  |b cze  |e rda 
041 1 |a cze  |a lat  |b eng  |h lat 
045 |a s-s- 
072 7 |a 61  |x Lékařské vědy. Lékařství  |2 Konspekt  |9 14 
080 |a 61"04/14"  |2 MRF 
080 |a 613  |2 MRF 
080 |a 133.52  |2 MRF 
080 |a (049)  |2 MRF 
080 |a (0.027)=030  |2 MRF 
100 1 |a Ficino, Marsilio,  |d 1433-1499  |7 nlk20000085388  |4 aut 
240 1 0 |a De triplici vita.  |l Česky  |7 aun20201096966 
245 1 0 |a Tři knihy o životě =  |b De vita libri tres : latinsko-české vydání /  |c Marsilio Ficino ; přeložili Jakub Hlaváček a Zdeněk Žalud ; edici připravila Jana Slezáková ; úvodní studii napsal a poznámkami opatřil Martin Žemla 
246 3 1 |a De vita libri tres 
250 |a Vydání první 
264 1 |a Praha :  |b OIKOYMENH,  |c 2020 
300 |a 561 stran ;  |c 22 cm 
336 |a text  |b txt  |2 rdacontent 
337 |a bez média  |b n  |2 rdamedia 
338 |a svazek  |b nc  |2 rdacarrier 
490 1 |a Knihovna renesančního myšlení ;  |v svazek VII 
500 |a Částečně přeloženo z latiny 
504 |a Obsahuje bibliografii, bibliografické odkazy a rejstřík 
505 0 0 |t O zdravém životě =  |t De vita sana --  |t O dlouhém životě =  |t De vita longa --  |t O životě podle nebes =  |t De vita coelitus comparanda 
546 |a Částečně souběžný latinský text, anglické resumé 
648 7 |a 15. století  |7 ch460553  |2 czenas 
650 0 7 |a středověké lékařství  |7 ph198724  |y 15. století  |2 czenas 
650 0 7 |a péče o zdraví  |7 ph124852  |y 15. století  |2 czenas 
650 0 7 |a astrologie  |7 ph114086  |y 15. století  |2 czenas 
650 0 9 |a medieval medicine  |y 15th century  |2 eczenas 
650 0 9 |a health care  |y 15th century  |2 eczenas 
650 0 9 |a astrology  |y 15th century  |2 eczenas 
655 7 |a pojednání  |7 fd133056  |2 czenas 
655 9 |a essays  |2 eczenas 
700 1 |a Hlaváček, Jakub,  |d 1975-  |7 mzk2004236970  |4 trl 
700 1 |a Žalud, Zdeněk  |7 mzk2015859979  |4 trl 
700 1 |a Slezáková, Jana  |4 edt 
700 1 |a Žemla, Martin,  |d 1973-  |7 jn20020722051  |4 wfw  |4 edt 
830 0 |a Knihovna renesančního myšlení  |0 s 
910 2 |a BOA001  |b 2-1465.606 
990 |a BK 
995 |a 01 
996 6 |b 2610868913  |c 2-1465.606  |l MZK  |r Sklad / do 1 hodiny  |n 0  |p p.v.  |w 001854210  |u 000010  |a 1  |e BOA001  |j MZK50  |s P 
996 7 |b 2610871593  |c 2-1465.606  |l MZK  |r Sklad / do 1 hodiny  |n 2  |p kup  |w 001854210  |u 000020  |a 1  |e BOA001  |j MZK50  |s A